Moving agricultural abundance into consumption / (Record no. 11835)
[ view plain ]
| 000 -LEADER | |
|---|---|
| fixed length control field | 00763cam a22002411a 4500 |
| 001 - CONTROL NUMBER | |
| control field | agr62000361 |
| 003 - CONTROL NUMBER IDENTIFIER | |
| control field | DLC |
| 005 - DATE AND TIME OF LATEST TRANSACTION | |
| control field | 20260227111021.0 |
| 008 - FIXED-LENGTH DATA ELEMENTS--GENERAL INFORMATION | |
| fixed length control field | 940209s1962 dcua 000 0 eng |
| 010 ## - LIBRARY OF CONGRESS CONTROL NUMBER | |
| LC control number | agr62000361 |
| 035 ## - SYSTEM CONTROL NUMBER | |
| System control number | (OCoLC)29770723 |
| 040 ## - CATALOGING SOURCE | |
| Original cataloging agency | DLC |
| Transcribing agency | NbU |
| Modifying agency | DLC |
| 042 ## - AUTHENTICATION CODE | |
| Authentication code | premarc |
| 043 ## - GEOGRAPHIC AREA CODE | |
| Geographic area code | n-us--- |
| 050 00 - LIBRARY OF CONGRESS CALL NUMBER | |
| Classification number | HD9004 |
| Item number | .A5345 |
| 110 1# - MAIN ENTRY--CORPORATE NAME | |
| Corporate name or jurisdiction name as entry element | United States. |
| Subordinate unit | Foreign Agricultural Service. |
| 245 10 - TITLE STATEMENT | |
| Title | Moving agricultural abundance into consumption / |
| Statement of responsibility, etc. | Office of the General Sales Manager. |
| 260 ## - PUBLICATION, DISTRIBUTION, ETC. | |
| Place of publication, distribution, etc. | Washington : |
| Name of publisher, distributor, etc. | U.S. Govt. Print. Off., |
| Date of publication, distribution, etc. | 1962. |
| 300 ## - PHYSICAL DESCRIPTION | |
| Extent | 38 p. : |
| Other physical details | ill. ; |
| Dimensions | 28 cm. |
| 500 ## - GENERAL NOTE | |
| General note | Cover title. |
| 650 #0 - SUBJECT ADDED ENTRY--TOPICAL TERM | |
| Topical term or geographic name entry element | Agriculture |
| General subdivision | Economic aspects |
| Geographic subdivision | United States. |
| 650 #0 - SUBJECT ADDED ENTRY--TOPICAL TERM | |
| Topical term or geographic name entry element | Produce trade |
| Geographic subdivision | United States |
| Form subdivision | Statistics. |
No items available.